00249nam a2200085Ia 4500008004100000041000800041100004900049245002000098260004500118230206s9999 xx 000 0 und d aeng aAroon Purie, Editor & N. P. Singh, Publisher aBusiness Today  c2000bLiving Media India Ltd.aNew Delhi